000 00308nam a22001337a 4500
020 _a978-81-8363-134-1
082 _a158
_bHIL/T
100 _aHILL,NAPOLEON
245 _aTHINK & GROW RICH
260 _aNEW DELHI
_bADARSH BOOKS
300 _a275
650 _aPERSONALITY DEVELOPMENT
_zNEW DELHI
942 _cBK
999 _c5333
_d5333